Sports Quiz

Random Sports or NFL Quiz

NFL 7+ Receiving TDs by Tight Ends (since 2000) Quiz Stats

Quiz Updated Jan 8, 2018

Challenge
Share
Tweet
Embed
Score 0/45 Timer 06:00
6 Plays Today
# of Seasons Tight Ends % Correct
6Rob Gronkowski
92.3%
8Tony Gonzalez
91.8%
11Antonio Gates
87.1%
5Jimmy Graham
79.4%
1Daniel Graham
78%
3Jason Witten
73.5%
1Travis Kelce
65.8%
3Vernon Davis
61.8%
1Aaron Hernandez
61.2%
2Heath Miller
56.4%
2Julius Thomas
55.3%
1Zach Ertz
54.7%
2Dallas Clark
53.1%
2Greg Olsen
48.9%
1Martellus Bennett
47.9%
2Jeremy Shockey
42.5%
1Shannon Sharpe
37.9%
1Brent Celek
37%
1Todd Heap
35.8%
1Mike Sellers
35.6%
1Jermichael Finley
35.3%
1Jordan Reed
34.6%
1Tyler Eifert
34.6%
# of Seasons Tight Ends % Correct
1Marcedes Lewis
30.5%
1Delanie Walker
29%
2Chris Cooley
26.5%
1Jordan Cameron
26.4%
1Dennis Pitta
25.3%
1Alge Crumpler
24.8%
1Gary Barnidge
24.6%
3Bubba Franks
24.3%
3Kyle Rudolph
22.5%
1Dwayne Allen
18.4%
2Visanthe Shiancoe
17.4%
1Anthony Fasano
17.1%
1Richard Rodgers
14.5%
1Hunter Henry
12%
1Joseph Fauria
10.9%
1Cameron Brate
10.5%
1Christian Fauria
9.1%
1John Carlson
8.4%
1Tyler Kroft
8.4%
1Marcus Pollard
8%
1Coby Fleener
7.7%
1David Sloan
0.8%

You're not logged in!

Compare scores with friends on all Sporcle quizzes.
Sign Up with Email
OR
Log In

You Might Also Like...

Show Comments

Extras

Top Quizzes Today


Score Distribution

Your Account Isn't Verified!

In order to create a playlist on Sporcle, you need to verify the email address you used during registration. Go to your Sporcle Settings to finish the process.